Internet of Things (Record no. 11107)
[ view plain ]
| 000 -LEADER | |
|---|---|
| fixed length control field | 00446nam a22001937a 4500 |
| 003 - CONTROL NUMBER IDENTIFIER | |
| control field | OSt |
| 008 - FIXED-LENGTH DATA ELEMENTS--GENERAL INFORMATION | |
| fixed length control field | 220323b ||||| |||| 00| 0 eng d |
| 020 ## - INTERNATIONAL STANDARD BOOK NUMBER | |
| International Standard Book Number | 9789388991018 |
| 082 ## - DEWEY DECIMAL CLASSIFICATION NUMBER | |
| Classification number | 004.678 VAI |
| 100 ## - MAIN ENTRY--PERSONAL NAME | |
| Personal name | VASUDEVAN,Shriram K |
| 245 ## - TITLE STATEMENT | |
| Title | Internet of Things |
| 250 ## - EDITION STATEMENT | |
| Edition statement | 2nd |
| 260 ## - PUBLICATION, DISTRIBUTION, ETC. (IMPRINT) | |
| Place of publication, distribution, etc | New Delhi |
| Name of publisher, distributor, etc | Wiley |
| Date of publication, distribution, etc | 2020 |
| 300 ## - PHYSICAL DESCRIPTION | |
| Extent | 308 |
| 650 ## - SUBJECT ADDED ENTRY--TOPICAL TERM | |
| Topical term or geographic name as entry element | ECE |
| 700 ## - ADDED ENTRY--PERSONAL NAME | |
| Personal name | NAGARAJAN,Abhishek S |
| 700 ## - ADDED ENTRY--PERSONAL NAME | |
| Personal name | SUNDARAM,RMD |
| 942 ## - ADDED ENTRY ELEMENTS (KOHA) | |
| Source of classification or shelving scheme | Dewey Decimal Classification |
| Koha item type | Text Books |
| 942 ## - ADDED ENTRY ELEMENTS (KOHA) | |
| -- | 2 |
| Withdrawn status | Lost status | Source of classification or shelving scheme | Damaged status | Not for loan | Collection code | Home library | Current library | Date acquired | Source of acquisition | Currency | Cost, normal purchase price | Bill Number | Total Checkouts | Full call number | Acc. no. / Barcode | Date last seen | Actual Cost, discounted price | Bill Date | Koha item type | Date last borrowed | Checked out |
|---|---|---|---|---|---|---|---|---|---|---|---|---|---|---|---|---|---|---|---|---|---|
| Dewey Decimal Classification | B.Tech(ECE) | PIET C-LIBRARY | PIET C-LIBRARY | 19/03/2022 | Kirti Praskshan | IN Rupees | 609.00 | IN3696 | 004.678 VAI | 33488 | 23/03/2022 | 420.21 | 19/03/2022 | Text Books | |||||||
| Dewey Decimal Classification | B.Tech(ECE) | PIET C-LIBRARY | PIET C-LIBRARY | 19/03/2022 | Kirti Praskshan | IN Rupees | 609.00 | IN3696 | 004.678 VAI | 33489 | 23/03/2022 | 420.21 | 19/03/2022 | Text Books | |||||||
| Dewey Decimal Classification | B.Tech(ECE) | PIET C-LIBRARY | PIET C-LIBRARY | 19/03/2022 | Kirti Praskshan | IN Rupees | 609.00 | IN3696 | 004.678 VAI | 33490 | 23/03/2022 | 420.21 | 19/03/2022 | Text Books | |||||||
| Dewey Decimal Classification | B.Tech(ECE) | PIET C-LIBRARY | PIET C-LIBRARY | 19/03/2022 | Kirti Praskshan | IN Rupees | 609.00 | IN3696 | 1 | 004.678 VAI | 33491 | 11/05/2022 | 420.21 | 19/03/2022 | Text Books | 27/04/2022 | |||||
| Dewey Decimal Classification | B.Tech(ECE) | PIET C-LIBRARY | PIET C-LIBRARY | 19/03/2022 | Kirti Praskshan | IN Rupees | 609.00 | IN3696 | 1 | 004.678 VAI | 33492 | 20/06/2022 | 420.21 | 19/03/2022 | Text Books | 03/06/2022 | |||||
| Dewey Decimal Classification | B.Tech(ECE) | PIET C-LIBRARY | PIET C-LIBRARY | 19/03/2022 | Kirti Praskshan | IN Rupees | 609.00 | IN3696 | 2 | 004.678 VAI | 33493 | 29/04/2025 | 420.21 | 19/03/2022 | Text Books | 11/04/2025 | |||||
| Dewey Decimal Classification | B.Tech(ECE) | PIET C-LIBRARY | PIET C-LIBRARY | 19/03/2022 | Kirti Praskshan | IN Rupees | 609.00 | IN3696 | 1 | 004.678 VAI | 33494 | 25/03/2025 | 420.21 | 19/03/2022 | Text Books | 01/07/2024 | |||||
| Dewey Decimal Classification | B.Tech(ECE) | PIET C-LIBRARY | PIET C-LIBRARY | 19/03/2022 | Kirti Praskshan | IN Rupees | 609.00 | IN3696 | 004.678 VAI | 33495 | 23/03/2022 | 420.21 | 19/03/2022 | Text Books | |||||||
| Dewey Decimal Classification | B.Tech(ECE) | PIET C-LIBRARY | PIET C-LIBRARY | 19/03/2022 | Kirti Praskshan | IN Rupees | 609.00 | IN3696 | 1 | 004.678 VAI | 33496 | 04/10/2025 | 420.21 | 19/03/2022 | Text Books | 18/09/2025 | |||||
| Dewey Decimal Classification | B.Tech(ECE) | PIET C-LIBRARY | PIET C-LIBRARY | 19/03/2022 | Kirti Praskshan | IN Rupees | 609.00 | IN3696 | 1 | 004.678 VAI | 33497 | 15/05/2025 | 420.21 | 19/03/2022 | Text Books | 15/05/2025 | 01/12/2025 |